Statistics for Cuphead Levels and Bosses

Click here to take the quiz!

General Stats

  • This quiz has been taken 10 times
  • The average score is 61 of 102

Answer Stats

Inkwell IsleTypeBoss/Level% Correct
Inkwell HellBoss (B)King Dice
88%
Inkwell HellBoss (B)The Devil
88%
Inkwell Isle 2Boss (B)Baroness Von Bon Bon
75%
Inkwell Isle 3Boss (B)Cala Maria
75%
Inkwell Isle 4Boss (B)Chef Saltbaker
75%
Inkwell Isle 1Boss (L)Floral Fury
75%
Inkwell Isle 1Run ‘n Gun (L)Forest Follies
75%
Inkwell Isle 2Run ‘n Gun (L)Funhouse Frazzle
75%
Inkwell Isle 1Boss (B)Hilda Berg
75%
Inkwell Isle 3Run ‘n Gun (L)Perilous Piers
75%
Inkwell Isle 1Boss (B)Ribby and Croaks
75%
Inkwell Isle 3Run ‘n Gun (L)Rugged Ridge
75%
Inkwell Isle 1Boss [Botanic Panic!] (B)Sal Spudder
75%
Inkwell Isle 4The King’s Leap (B)The Bishop
75%
Inkwell Isle 4The King’s Leap (B)The Knight
75%
Inkwell Isle 4The King’s Leap (B)The Pawns
75%
Inkwell Isle 4The King’s Leap (B)The Queen
75%
Inkwell Isle 4The King’s Leap (B)The Rook
75%
Inkwell Isle 1Boss (B)The Root Pack
75%
Inkwell Isle 1Run ‘n Gun (L)Treetop Trouble
75%
Inkwell HellBoss (L)All Bets Are Off!
63%
Inkwell Isle 4Boss (B)Angel and Demon
63%
Inkwell Isle 2Boss (L)Aviary Action
63%
Inkwell Isle 2Boss (B)Beppi the Clown
63%
Inkwell Isle 4Boss (L)Bootlegger Boogie
63%
Inkwell Isle 1Boss (L)Botanic Panic!
63%
Inkwell Isle 1Boss (B)Cagney Carnation
63%
Inkwell Isle 3Boss (B)Captain Brineybeard
63%
Inkwell Isle 1Boss [Botanic Panic!] (B)Chauncey Chantenay
63%
Inkwell HellBoss [All Bets Are Off!] (B)Chips Bettigan
63%
Inkwell Isle 1Boss (L)Clip Joint Calamity
63%
Inkwell Isle 2Boss (B)Djimmi the Great
63%
Inkwell Isle 4Boss (L)Doggone Dogfight
63%
Inkwell Isle 3Boss (L)Dramatic Fanatic
63%
Inkwell Isle 3Boss (B)Dr. Kahl’s Robot
63%
Inkwell Isle 4Boss (B)Esther Winchester
63%
Inkwell Isle 2Run ‘n Gun (L)Funfair Fever
63%
Inkwell Isle 4Boss (B)Glumstone the Giant
63%
Inkwell Isle 1Boss (B)Goopy Le Grande
63%
Inkwell Isle 2Boss (B)Grim Matchstick
63%
Inkwell Isle 3Boss (L)High Seas Hi-Jinx!
63%
Inkwell Isle 3Boss (L)Honeycomb Herald
63%
Inkwell Isle 3Boss (L)Junkyard Jive!
63%
Inkwell HellBoss [All Bets Are Off!] (B)Mangosteen
63%
Inkwell Isle 4Boss (B)Moonshine Mob
63%
Inkwell Isle 4Boss (B)Mortimer Freeze
63%
Inkwell Isle 3Boss (L)Murine Corps
63%
Inkwell Isle 1Boss [Botanic Panic!] (B)Ollie Bulb
63%
Inkwell Isle 4Boss (L)One Hell of a Dream
63%
Inkwell HellBoss (L)One Hell of a Time
63%
Inkwell Isle 3Boss (B)Phantom Express
63%
Inkwell HellBoss [All Bets Are Off!] (B)Phear Lap
63%
Inkwell HellBoss [All Bets Are Off!] (B)Pip and Dot
63%
Inkwell HellBoss [All Bets Are Off!] (B)Pirouletta
63%
Inkwell Isle 2Boss (L)Pyramid Peril
63%
Inkwell Isle 3Boss (L)Railroad Wrath
63%
Inkwell Isle 3Boss (B)Rumor Honeybottoms
63%
Inkwell Isle 1Boss (L)Ruse of an Ooze
63%
Inkwell Isle 3Boss (B)Sally Stageplay
63%
Inkwell Isle 3Boss (L)Shootin N’ Lootin
63%
Inkwell Isle 2Boss (L)Sugarland Shimmy
63%
Inkwell Isle 4Boss (B)The Howling Aces
63%
Inkwell Isle 4The King’s Leap (L)The King’s Leap
63%
Inkwell HellBoss [All Bets Are Off!] (B)Tipsy Troop
63%
Inkwell Isle 2Boss (B)Wally Warbles
63%
Inkwell Isle 3Boss (B)Werner Werman
63%
Inkwell Isle 4Boss (L)A Dish to Die For
50%
Inkwell Isle 4Boss [Bootlegger Boogie] (B)Announcer Snail
50%
Inkwell Isle 4Boss [Bootlegger Boogie] (B)Anteater
50%
Inkwell Isle 3Boss [Railroad Wrath] (B)Blind Specter
50%
Inkwell Isle 2Boss (L)Carnival Kerfuffle
50%
Inkwell Isle 2Boss [Pyramid Peril] (B)Cuppet
50%
Inkwell Isle 2Boss (L)Fiery Frolic
50%
Inkwell HellBoss [All Bets Are Off! (Tipsy Troop)] (B)Ginette
50%
Inkwell Isle 4Boss (L)Gnome Way Out
50%
Inkwell Isle 3Boss [Railroad Wrath] (B)Head of the Train
50%
Inkwell Isle 4Boss (L)High-Noon Hoopla
50%
Inkwell HellBoss [All Bets Are Off!] (B)Hopus Pocus
50%
Inkwell Isle 3Boss [Murine Corps] (B)Katzenwagen
50%
Inkwell Isle 2Boss [Sugarland Shimmy] (B)Kernel Von Pop
50%
Inkwell Isle 4Boss [Bootlegger Boogie] (B)Light Bug
50%
Inkwell Isle 3Boss [Railroad Wrath] (B)Lollipop Ghouls
50%
Inkwell Isle 2Boss [Sugarland Shimmy] (B)Lord Gob Packer
50%
Inkwell HellBoss [All Bets Are Off!] (B)Mr. Chimes
50%
Inkwell HellBoss [All Bets Are Off!] (B)Mr. Wheezy
50%
Inkwell Isle 2Boss [Sugarland Shimmy] (B)Muffsky Chernikov
50%
Inkwell HellBoss [All Bets Are Off! (Tipsy Troop)] (B)Ol’ Ethan
50%
Inkwell HellBoss [All Bets Are Off! (Tipsy Troop)] (B)Rumulus
50%
Inkwell Isle 2Boss [Sugarland Shimmy] (B)Sargent Gumbo Gumbull
50%
Inkwell Isle 3Boss [Honeycomb Herald] (B)Security Bee
50%
Inkwell Isle 2Boss [Sugarland Shimmy] (B)Sir Waffington III
50%
Inkwell Isle 4Boss (L)Snow Cult Scuffle
50%
Inkwell Isle 4Boss [Bootlegger Boogie] (B)Spider Mobster
50%
Inkwell Isle 3Boss [Railroad Wrath] (B)The Conductor
50%
Inkwell Isle 3Boss [Shootin N’ Lootin] (B)The Ship
50%
Inkwell Isle 1Boss (L)Threatenin’ Zeppelin
50%
Inkwell Isle 2Boss [Aviary Action] (B)Willy Warbles
50%
Inkwell Isle 4Boss [Doggone Dogfight] (B)Chinook Pilot Saluki
38%
Inkwell Isle 4Boss [Doggone Dogfight] (B)Fighter Pilot Bulldog
38%
Inkwell Isle 1Boss [Botanic Panic!] (B)Horace Radiche
38%
Inkwell Isle 4Boss [Doggone Dogfight] (B)Yankee Yippers
38%
Inkwell Isle 4Boss [Snow Cult Scuffle] (B)Snow Monster
25%

Score Distribution

Percentile by Number Answered

Percent of People with Each Score

Your Score History

You have not taken this quiz